Loading...
| Science - Biology | 0 | 5 | 0 | 0 | 50 | 69 | 91.40 | 1 | 1 | 9.13 | 27.78 |
| Science - Other | 1 | 2 | 0 | 1 | 35 | 44 | 92.33 | 0 | 1 | 9.39 | 14.06 |
| Science - Chemistry | 0 | 4 | 1 | 2 | 35 | 97 | 107.50 | 0 | 0 | 1.16 | 11.11 |
| Fine Arts - Classical Music | 0 | 3 | 0 | 0 | 30 | 109 | 115.67 | 0 | 0 | 2.38 | 5.56 |
| Literature - British | 0 | 3 | 0 | 0 | 30 | 108 | 119.00 | 0 | 0 | 5.42 | 13.89 |
| Philosophy | 0 | 3 | 0 | 1 | 30 | 122 | 126.33 | 0 | 0 | 0.17 | 6.94 |
| Fine Arts - Other | 0 | 3 | 1 | 2 | 25 | 94 | 116.00 | 0 | 0 | 2.05 | 12.50 |
| Science - Physics | 0 | 2 | 1 | 0 | 15 | 119 | 123.50 | 0 | 1 | 0.18 | 5.56 |
| Mythology | 0 | 2 | 1 | 1 | 15 | 112 | 133.50 | 0 | 0 | 1.90 | 4.17 |
| Religion | 0 | 2 | 1 | 2 | 15 | 134 | 134.50 | 0 | 0 | 0.16 | 2.78 |
| Literature - European | 0 | 1 | 0 | 0 | 10 | 128 | 128.00 | 0 | 0 | 1.44 | 2.78 |
| History - World | 0 | 1 | 0 | 1 | 10 | 119 | 119.00 | 0 | 0 | 0.09 | 1.39 |
| Literature - World | 0 | 1 | 0 | 0 | 10 | 124 | 124.00 | 0 | 0 | 2.22 | 6.94 |
| Other Academic | 1 | 0 | 1 | 0 | 10 | 41 | 41.00 | 0 | 1 | 22.90 | 20.83 |
| History - Ancient/Other | 0 | 1 | 1 | 0 | 5 | 94 | 94.00 | 0 | 0 | 4.41 | 5.36 |
| History - American | 0 | 1 | 1 | 0 | 5 | 93 | 93.00 | 0 | 0 | 2.97 | 2.78 |
| Fine Arts - Painting and Sculpture | 0 | 1 | 1 | 0 | 5 | 92 | 92.00 | 0 | 0 | 2.73 | 5.56 |
| Current Events | 0 | 0 | 1 | 0 | -5 | 0.00 | 0 | 0 | 0.00 | 0.00 | |
| Literature - American | 0 | 0 | 1 | 0 | -5 | 0.00 | 0 | 0 | 0.00 | 0.00 |